|
|
|
|
| LEADER |
00000cam a2200000 7i4500 |
| 001 |
0000003730 |
| 005 |
20240927.0 |
| 008 |
991206 my eng |
| 040 |
|
|
|a INS
|b eng
|e rda
|
| 090 |
0 |
0 |
|a JC423
|b .M88
|
| 100 |
0 |
|
|a Muammar Al Qadhafi ,
|e author
|
| 245 |
1 |
4 |
|a The green book :
|b the solution of the problem of democracy
|c by Muammar Al Qadhafi.
|
| 264 |
|
1 |
|a Kuala Lumpur :
|b The embassy of the socialist people's Libyan Arab Jamahiriya
|c 19...
|
| 300 |
|
|
|a 41 pages ;
|c 18 cm.
|
| 336 |
|
|
|a text
|2 rdacontent
|
| 337 |
|
|
|a unmediated
|2 rdamedia
|
| 338 |
|
|
|a volume
|2 rdacarrier
|
| 650 |
|
0 |
|a Islam
|
| 999 |
|
|
|a 0000001185
|b BOOK
|c Open Shelf
|e Default branch
|